Statistics for One chicago first names

Click here to take the quiz!

General Stats

  • This quiz has been taken 25 times
  • The average score is 44 of 65

Answer Stats

HintAnswer% Correct
StonePeter
100%
MillsPeter
100%
RuzekAdam
94%
DawsonAntonio
94%
ZvonecekBrian
94%
DawsonGabby
94%
HalsteadJay
94%
SeverideKelly
94%
BurgessKim
94%
CaseyMatthew
94%
ReeseSarah
94%
BrettSylvie
94%
HalsteadWill
94%
HerrmannChristopher
89%
FosterEmily
89%
UptonHailey
89%
CruzJoe
89%
AtwaterKevin
89%
KiddStella
89%
PlattTrudy
89%
BodenWallace
89%
SextonApril
83%
GalloBlake
83%
RhodesConnor
83%
LindsayErin
83%
VoightHank
83%
ChiltonJessica
83%
BorelliJimmy
83%
ShayLeslie
83%
ManningNatalie
83%
McHollandRandall
83%
FerrarisTony
83%
DardenAndy
78%
ChoiEthan
78%
LockwoodMaggie
78%
RomanSean
78%
MikamiViolet
78%
OlinskyAlvin
72%
CharlesDaniel
72%
ClarkeJeff
72%
GoodwinSharon
72%
HawkinsEvan
67%
BekkerAva
61%
ThomasHallie
56%
AbramsSam
56%
ZanettiSam
56%
MarcelCrockett
50%
RitterDarren
44%
TaylorVanessa
44%
RojasVanessa
44%
CappHarold
39%
DecotisNadia
39%
RaffertyAllison
28%
ValdezAnna
28%
MillerSamantha
28%
JinSheldon
28%
MackeyGianna
22%
GerwitzGreg
22%
NagelLaura
22%
ArcherDean
17%
CurryElsa
17%
TayJulie
17%
SumnerMia
17%
ScottDylan
11%
HammerStevie
11%

Score Distribution

Percentile by Number Answered

Percent of People with Each Score

Your Score History

You have not taken this quiz